Marketing Plans How to Prepare Them. How to Use Them
Uložené v:
| Hlavný autor: | |
|---|---|
| Médium: | Kniha |
| Jazyk: | English |
| Vydavateľské údaje: |
Oxford
Butterworth-Heinemann
1989
|
| Vydanie: | 2. ed. |
| Predmet: | |
| Tagy: |
Žiadne tagy, Buďte prvý, kto otaguje tento záznam!
|
MARC
| LEADER | 00000nam a2200000 4500 | ||
|---|---|---|---|
| 001 | c005813 | ||
| 005 | 20221206131451.3 | ||
| 020 | |a 0-7506-0107-8 | ||
| 041 | 0 | |a eng | |
| 044 | |a GB | ||
| 245 | 1 | 0 | |a Marketing Plans |b How to Prepare Them. How to Use Them |c Malcolm H.B. MacDonald |
| 250 | |a 2. ed. | ||
| 264 | 1 | |a Oxford |b Butterworth-Heinemann |c 1989 | |
| 300 | |a 337 s. | ||
| 610 | 2 | 0 | |a marketing |
| 610 | 2 | 0 | |a plán |
| 610 | 2 | 0 | |a plánovanie |
| 610 | 2 | 0 | |a zákazníci |
| 610 | 2 | 0 | |a výrobky |
| 610 | 2 | 0 | |a komunikácia |
| 610 | 2 | 0 | |a stratégia marketingová |
| 610 | 2 | 0 | |a ceny |
| 610 | 2 | 0 | |a distribúcia |
| 610 | 2 | 0 | |a predaj |
| 610 | 2 | 0 | |a trh |
| 100 | 1 | |a MacDonald, Malcolm H.B. | |